000 01046nam a2200301Ia 4500
001 Para_5966
003 CHAP
008 220125s1967 xx 000 0 und d
010 _a204750
040 _cCHAP
090 _aPA TESIS 244
100 _aPinto Cortés, Benito
_988287
245 _aFuentes de resistencia en el género Capsicum al ataque del hongo Phytophthora capsici Lec., causante de la marchitez del chile /
_c por Benito Pinto Cortés
260 _aChapingo, Méx. :
_b el autor
300 _a28 h.
502 _aTesis (Ing. Agr. Esp. en Parasitología Agrícola) ENA. Departamento Parasitología Agrícola
650 _aChile (botánica)
_x enfermedades por hongos
_922354
650 _aMarchitez del chile
_971282
650 _aPhytophthora capsici
_987920
710 _aENA. Departamento Parasitología Agrícola
_9164684
901 _aPA TESIS 244
902 _aA
905 _a0000001967 a 0000000000 00
910 _a1967
942 _cPARA
942 _cPARA
_d1
999 _c204750
_d204750